[Event "FIDE World Rapid-ch Open 2018"]
[White "Zhigalko, Sergei"]
[Black "Vitiugov, Nikita"]
[Site "St. Petersburg"]
[Round "10.22"]
[Annotator "RC"]
[Result "1-0"]
[Date "2018.12.27"]
[WhiteElo "2604"]
[BlackElo "2719"]
[PlyCount "95"]
[TimeControl "900+10"]

1. e4 {[%emt 0:0:0]} e6 {[%emt 0:0:0]} 2. d4 {[%emt 0:0:0]} d5 {[%emt 0:0:0]} 3. e5 {[%emt 0:0:0]} c5 {[%emt 0:0:0]} 4. c3 {[%emt 0:0:0]} Nc6 {[%emt 0:0:0]
} 5. Nf3 {[%emt 0:0:0]} Qb6 {[%emt 0:0:0]} 6. a3 {[%emt 0:0:0]} c4 {[%emt 0:0:3]} 7. Nbd2 {[%emt 0:0:0]} Na5 {[%emt 0:0:1]} 8. Be2 {[%emt 0:0:0]
} Bd7 {[%emt 0:0:3]} 9. 0-0 {[%emt 0:0:3]} Ne7 {[%emt 0:0:0]} 10. Rb1 {[%emt 0:0:9]} Qc7 {[%emt 0:0:28]} 11. h4 {[%emt 0:1:12]} h6 {[%emt 0:0:27]
} 12. h5 {[%emt 0:0:4]} Nc8 {[%emt 0:0:19]} 13. Qe1 {[%emt 0:0:0]} Nb6 {[%emt 0:1:27]} 14. Bd1 {[%emt 0:0:2]} 0-0-0 {[%emt 0:0:55]} 15. Nh4 {[%emt 0:1:1]} Be7 {[%emt 0:0:58]} 16. f4 {[%emt 0:0:2]} Rhg8 {[%emt 0:0:17]
} 17. Bc2 {[%emt 0:0:18]} Kb8 {[%emt 0:1:17]} 18. Ndf3 {[%emt 0:0:39]
} Qc8 {[%emt 0:0:26]} 19. Qg3 {[%emt 0:1:14]} f5 {[%emt 0:0:0]} 20. exf6 {[%emt 0:1:9]} gxf6 {[%emt 0:0:2]} 21. Ng6 {[%emt 0:0:6]} Bd6 {[%emt 0:0:23]} 22. Qh4 {[%emt 0:0:6]} f5 {[%emt 0:0:4]} 23. Nfe5 {[%emt 0:0:1]
} Be8 {[%emt 0:0:10]} 24. Bd2 {[%emt 0:3:48]} Nb3 {[%emt 0:0:0]} 25. Be3 {[%emt 0:0:7]} Qc7 {[%emt 0:0:17]} 26. Rf2 {[%emt 0:5:17]} Nd7 {[%emt 0:0:53]} 27. Rbf1 {[%emt 0:1:17]} Bxg6 {[%emt 0:1:55]} 28. Nxg6 {[%emt 0:1:10]
} Nf8 {[%emt 0:0:2]} 29. Ne5 {[%emt 0:0:3]} Nh7 {[%emt 0:0:0]} 30. Ng6 {[%emt 0:0:6]} Nf8 {[%emt 0:0:19]} 31. Ne5 {[%emt 0:0:1]} Nh7 {[%emt 0:0:12]} 32. Ng6 {[%emt 0:0:14]} Qf7 {[%emt 0:0:31]} 33. g4 {[%emt 0:0:0]} fxg4 {[%emt 0:3:43]} 34. f5 {[%emt 0:0:23]} g3 {[%emt 0:0:24]} 35. Rg2 {[%emt 0:0:12]} exf5 {[%emt 0:0:32]} 36. Bxh6 {[%emt 0:0:7]} Ka8 {[%emt 0:1:21]
} 37. Bxf5 {[%emt 0:0:2]} Rde8 {[%emt 0:0:20]} 38. Ne5 {[%emt 0:1:9]
} Bxe5 {[%emt 0:0:50]} 39. dxe5 {[%emt 0:0:1]} Qc7 {[%emt 0:0:0]} 40. Bg6 {[%emt 0:0:14]} Qb6+ {[%emt 0:0:16]} 41. Kh1 {[%emt 0:0:9]} Rxg6 {[%emt 0:0:4]} 42. hxg6 {[%emt 0:0:1]} Qxg6 {[%emt 0:0:1]} 43. Rxg3 {[%emt 0:0:6]} Qc6 {[%emt 0:0:8]} 44. Kg1 {[%emt 0:0:30]} a5 {[%emt 0:0:0]} 45. Be3 {[%emt 0:0:4]} Nf8 {[%emt 0:0:8]} 46. Rg8 {[%emt 0:0:17]} Ne6 {[%emt 0:0:14]} 47. Qh8 {[%emt 0:0:7]} Nc7 {[%emt 0:0:16]} 48. Rff8 {[%emt 0:0:8]
} 1-0

[Event "FIDE World Rapid-ch Open 2018"]
[White "Jobava, Baadur"]
[Black "Alekseenko, Kirill"]
[Site "St. Petersburg"]
[Round "10.23"]
[Annotator "ChessBase"]
[Result "0-1"]
[Date "2018.12.27"]
[WhiteElo "2627"]
[BlackElo "2638"]
[PlyCount "84"]
[TimeControl "900+10"]

1. b3 {[%emt 0:0:0]} d5 {[%emt 0:0:3]} 2. Bb2 {[%emt 0:0:0]} Bf5 {[%emt 0:0:7]
} 3. e3 {[%emt 0:0:0]} e6 {[%emt 0:0:2]} 4. Nc3 {[%emt 0:0:0]} Nf6 {[%emt 0:0:11]} 5. Nge2 {[%emt 0:0:15]} c5 {[%emt 0:0:30]} 6. Ng3 {[%emt 0:1:20]
} Bg6 {[%emt 0:0:4]} 7. Bb5+ {[%emt 0:0:5]} Nc6 {[%emt 0:0:0]} 8. Nce2 {[%emt 0:0:19]} Bd6 {[%emt 0:2:16]} 9. h4 {[%emt 0:0:26]} h6 {[%emt 0:2:41]
} 10. Nf4 {[%emt 0:0:5]} 0-0 {[%emt 0:1:3]} 11. Bxc6 {[%emt 0:0:8]
} bxc6 {[%emt 0:0:4]} 12. Qe2 {[%emt 0:1:20]} Bh7 {[%emt 0:0:0]} 13. 0-0-0 {[%emt 0:0:35]} e5 {[%emt 0:1:44]} 14. Nh3 {[%emt 0:0:2]} a5 {[%emt 0:0:8]} 15. Ng5 {[%emt 0:0:3]} Bg6 {[%emt 0:0:28]} 16. h5 {[%emt 0:0:0]} Nxh5 {[%emt 0:0:24]} 17. Nxh5 {[%emt 0:0:2]} Qxg5 {[%emt 0:0:5]} 18. g4 {[%emt 0:3:9]} f5 {[%emt 0:0:53]} 19. Nxg7 {[%emt 0:0:20]} fxg4 {[%emt 0:0:32]
} 20. Rdg1 {[%emt 0:5:24]} Kxg7 {[%emt 0:0:1]} 21. Rxg4 {[%emt 0:1:0]
} Qf5 {[%emt 0:0:1]} 22. d3 {[%emt 0:1:13]} Qxf2 {[%emt 0:0:0]} 23. Rxg6+ {[%emt 0:0:14]} Kxg6 {[%emt 0:0:9]} 24. Qg4+ {[%emt 0:0:13]} Kf7 {[%emt 0:0:36]} 25. Qd7+ {[%emt 0:0:37]} Be7 {[%emt 0:0:2]} 26. Qxc6 {[%emt 0:0:1]
} Rad8 {[%emt 0:0:9]} 27. Kb1 {[%emt 0:0:32]} Rg8 {[%emt 0:0:0]} 28. Rxh6 Rg1+ 29. Bc1 Qf1 {[%emt 0:0:27]} 30. Qe6+ {[%emt 0:0:42]} Kg7 {[%emt 0:0:4]
} 31. Rg6+ {[%emt 0:0:1]} Rxg6 {[%emt 0:1:19]} 32. Qxe7+ {[%emt 0:0:1]
} Qf7 {[%emt 0:0:2]} 33. Qxd8 {[%emt 0:0:1]} a4 {[%emt 0:0:0]} 34. Qb8 {[%emt 0:0:24]} Qe7 {[%emt 0:0:44]} 35. Qa8 {[%emt 0:0:31]} Qd7 {[%emt 0:0:31]} 36. Qa5 {[%emt 0:0:7]} Qc6 {[%emt 0:0:23]} 37. Qa7+ {[%emt 0:0:6]
} Kf6 {[%emt 0:0:19]} 38. Ba3 {[%emt 0:0:1]} Rg1+ {[%emt 0:0:0]} 39. Kb2 {[%emt 0:0:2]} c4 {[%emt 0:0:7]} 40. dxc4 {[%emt 0:0:12]} dxc4 {[%emt 0:0:2]} 41. bxa4 {[%emt 0:0:3]} c3+ {[%emt 0:0:4]} 42. Kb3 {[%emt 0:0:1]
} Rb1+ {[%emt 0:0:3]} 0-1

[Event "FIDE World Rapid-ch Open 2018"]
[White "Ragger, Markus"]
[Black "Bocharov, Dmitry"]
[Site "St. Petersburg"]
[Round "10.24"]
[Annotator "ChessBase"]
[Result "1/2-1/2"]
[Date "2018.12.27"]
[WhiteElo "2687"]
[BlackElo "2533"]
[PlyCount "156"]
[TimeControl "900+10"]

1. e4 {[%emt 0:0:0]} c5 {[%emt 0:0:0]} 2. Nf3 {[%emt 0:0:0]} d6 {[%emt 0:0:0]} 3. d4 {[%emt 0:0:0]} cxd4 {[%emt 0:0:0]} 4. Nxd4 {[%emt 0:0:0]} Nf6 {[%emt 0:0:2]} 5. Nc3 {[%emt 0:0:0]} a6 {[%emt 0:0:1]} 6. g3 {[%emt 0:0:0]
} g6 {[%emt 0:3:40]} 7. Bg2 {[%emt 0:0:0]} Bg7 {[%emt 0:0:1]
} 8. 0-0 {[%emt 0:0:3]} 0-0 {[%emt 0:0:2]} 9. h3 {[%emt 0:0:6]} Nc6 {[%emt 0:0:13]
} 10. Be3 {[%emt 0:0:4]} Bd7 {[%emt 0:0:7]} 11. Nd5 {[%emt 0:0:0]} Ne5 {[%emt 0:0:27]} 12. b3 {[%emt 0:1:29]} e6 {[%emt 0:4:12]} 13. Nxf6+ {[%emt 0:0:48]} Bxf6 {[%emt 0:0:2]} 14. c4 {[%emt 0:0:16]} Qc7 {[%emt 0:0:9]
} 15. Qd2 {[%emt 0:0:57]} Rfd8 {[%emt 0:0:31]} 16. Rfd1 {[%emt 0:1:0]
} Be8 {[%emt 0:0:8]} 17. Bg5 {[%emt 0:0:53]} Qe7 {[%emt 0:0:0]} 18. Bxf6 {[%emt 0:1:21]} Qxf6 {[%emt 0:0:2]} 19. Qb4 {[%emt 0:0:1]} Rab8 {[%emt 0:1:39]} 20. f4 {[%emt 0:0:57]} Nc6 {[%emt 0:0:14]} 21. Nxc6 {[%emt 0:0:9]
} Bxc6 {[%emt 0:0:8]} 22. Qb6 {[%emt 0:2:51]} e5 {[%emt 0:0:0]} 23. Rf1 {[%emt 0:0:2]} exf4 {[%emt 0:0:9]} 24. gxf4 {[%emt 0:0:11]} Re8 {[%emt 0:0:8]} 25. Rae1 {[%emt 0:0:2]} Re7 {[%emt 0:0:12]} 26. e5 {[%emt 0:1:32]
} dxe5 {[%emt 0:0:35]} 27. Bxc6 {[%emt 0:0:2]} Rc8 {[%emt 0:0:0]} 28. Rxe5 {[%emt 0:0:12]} Rxe5 {[%emt 0:1:47]} 29. Qxb7 {[%emt 0:0:0]} Ree8 {[%emt 0:0:11]} 30. Bxe8 {[%emt 0:0:6]} Qd4+ {[%emt 0:0:9]} 31. Kg2 {[%emt 0:0:18]} Rxe8 {[%emt 0:0:3]} 32. Rf2 {[%emt 0:0:28]} Re3 {[%emt 0:0:27]
} 33. f5 {[%emt 0:1:19]} Qe5 {[%emt 0:1:14]} 34. Qc8+ {[%emt 0:0:0]} Kg7 {[%emt 0:0:2]} 35. f6+ {[%emt 0:0:2]} Kh6 {[%emt 0:0:1]} 36. Qg4 {[%emt 0:0:4]} Re4 {[%emt 0:0:6]} 37. Qg3 {[%emt 0:0:20]} Qe6 {[%emt 0:0:50]
} 38. c5 {[%emt 0:0:36]} g5 {[%emt 0:0:12]} 39. Kh2 {[%emt 0:0:0]} Qd5 {[%emt 0:0:14]} 40. Qc3 {[%emt 0:0:21]} Rd4 {[%emt 0:0:27]} 41. c6 {[%emt 0:2:29]} Qd6+ {[%emt 0:0:13]} 42. Qg3 {[%emt 0:0:12]} Qxc6 {[%emt 0:0:9]
} 43. Qg2 {[%emt 0:0:3]} Qd6+ {[%emt 0:0:17]} 44. Qg3 {[%emt 0:0:0]
} Qd5 {[%emt 0:0:20]} 45. Qb8 {[%emt 0:0:11]} Rd1 {[%emt 0:0:0]} 46. Rg2 {[%emt 0:0:4]} Kh5 {[%emt 0:0:11]} 47. Qg3 {[%emt 0:0:12]} Rd4 {[%emt 0:0:20]} 48. Qb8 {[%emt 0:0:16]} Qd6+ {[%emt 0:0:16]} 49. Qxd6 {[%emt 0:0:4]
} Rxd6 {[%emt 0:0:1]} 50. b4 {[%emt 0:0:17]} Rd3 {[%emt 0:0:0]} 51. Rg3 {[%emt 0:0:18]} Rd2+ {[%emt 0:0:3]} 52. Rg2 {[%emt 0:0:1]} Rd1 {[%emt 0:0:24]} 53. Rg1 {[%emt 0:0:6]} Rd4 {[%emt 0:0:5]} 54. Rg4 {[%emt 0:0:1]
} Rd5 {[%emt 0:0:17]} 55. a4 {[%emt 0:0:7]} Kg6 {[%emt 0:0:0]} 56. Rc4 {[%emt 0:0:33]} Rd2+ {[%emt 0:0:10]} 57. Kg3 {[%emt 0:0:6]} Rb2 {[%emt 0:0:3]} 58. Rc6 {[%emt 0:0:5]} Rxb4 {[%emt 0:0:9]} 59. Rxa6 {[%emt 0:0:1]
} h5 {[%emt 0:0:2]} 60. a5 {[%emt 0:0:12]} Kf5 {[%emt 0:0:4]
} 61. Rb6 {[%emt 0:0:15]} Ra4 {[%emt 0:0:5]} 62. a6 {[%emt 0:0:0]} Ra3+ {[%emt 0:0:4]
} 63. Kg2 {[%emt 0:0:2]} Ra4 {[%emt 0:0:26]} 64. Kg3 {[%emt 0:0:0]} Ra2 {[%emt 0:0:20]} 65. Kf3 {[%emt 0:0:4]} h4 {[%emt 0:0:4]} 66. Rc6 {[%emt 0:0:9]} Ra3+ {[%emt 0:0:8]} 67. Kg2 {[%emt 0:0:1]} Ke5 {[%emt 0:0:3]
} 68. Rb6 {[%emt 0:0:3]} Kf5 {[%emt 0:0:22]} 69. Rc6 {[%emt 0:0:0]} Kg6 {[%emt 0:0:16]} 70. Rb6 {[%emt 0:0:5]} Kf5 {[%emt 0:0:9]} 71. Rc6 {[%emt 0:0:1]} Ra5 {[%emt 0:0:9]} 72. Rb6 {[%emt 0:0:4]} Ra4 {[%emt 0:0:10]
} 73. Rc6 {[%emt 0:0:10]} g4 {[%emt 0:0:14]} 74. hxg4+ {[%emt 0:0:2]
} Kxg4 {[%emt 0:0:1]} 75. Rb6 {[%emt 0:0:18]} h3+ {[%emt 0:0:0]} 76. Kh2 {[%emt 0:0:1]} Ra2+ {[%emt 0:0:2]} 77. Kh1 {[%emt 0:0:4]} Kf4 {[%emt 0:0:15]} 78. Rb7 {[%emt 0:0:32]} Rxa6 {[%emt 0:0:17]} 1/2-1/2

[Event "FIDE World Rapid-ch Open 2018"]
[White "Fridman, Daniel"]
[Black "Rakhmanov, Aleksandr"]
[Site "St. Petersburg"]
[Round "10.25"]
[Annotator "ChessBase"]
[Result "1/2-1/2"]
[Date "2018.12.27"]
[WhiteElo "2633"]
[BlackElo "2629"]
[PlyCount "40"]
[TimeControl "900+10"]

1. d4 {[%emt 0:0:0]} Nf6 {[%emt 0:0:0]} 2. Nf3 {[%emt 0:0:0]} g6 {[%emt 0:0:0]
} 3. g3 {[%emt 0:0:0]} Bg7 {[%emt 0:0:0]} 4. Bg2 {[%emt 0:0:0]} 0-0 {[%emt 0:0:1]} 5. c4 {[%emt 0:0:9]} c6 {[%emt 0:0:4]} 6. 0-0 {[%emt 0:0:1]
} d5 {[%emt 0:0:1]} 7. Nbd2 {[%emt 0:0:3]} Bf5 {[%emt 0:0:0]} 8. b3 {[%emt 0:0:2]} Ne4 {[%emt 0:0:3]} 9. Bb2 {[%emt 0:0:1]} Nd7 {[%emt 0:0:12]
} 10. e3 {[%emt 0:0:3]} Nxd2 {[%emt 0:0:4]} 11. Nxd2 {[%emt 0:0:9]
} Nf6 {[%emt 0:0:16]} 12. Qe2 {[%emt 0:0:4]} Qd7 {[%emt 0:0:0]} 13. Rfc1 {[%emt 0:1:25]} Rfc8 {[%emt 0:0:29]} 14. Nf3 {[%emt 0:0:30]} Bg4 {[%emt 0:0:14]} 15. Qf1 {[%emt 0:0:10]} Bxf3 {[%emt 0:0:9]} 16. Bxf3 {[%emt 0:0:2]
} e6 {[%emt 0:0:2]} 17. Qd3 {[%emt 0:0:50]} Ne8 {[%emt 0:0:0]} 18. Rc2 {[%emt 0:1:56]} Nd6 {[%emt 0:0:9]} 19. Rac1 {[%emt 0:1:1]} Re8 {[%emt 0:0:6]} 20. Ba3 {[%emt 0:0:23]} Bf8 {[%emt 0:0:17]} 1/2-1/2

[Event "FIDE World Rapid-ch Open 2018"]
[White "Predke, Alexandr"]
[Black "Riazantsev, Alexander"]
[Site "St. Petersburg"]
[Round "10.26"]
[Annotator "ChessBase"]
[Result "1/2-1/2"]
[Date "2018.12.27"]
[WhiteElo "2622"]
[BlackElo "2649"]
[PlyCount "111"]
[TimeControl "900+10"]

1. e4 {[%emt 0:0:0]} e6 {[%emt 0:0:0]} 2. d4 {[%emt 0:0:0]} d5 {[%emt 0:0:0]} 3. e5 {[%emt 0:0:0]} c5 {[%emt 0:0:0]} 4. c3 {[%emt 0:0:0]} Nc6 {[%emt 0:0:0]
} 5. Nf3 {[%emt 0:0:0]} Qb6 {[%emt 0:0:0]} 6. Na3 {[%emt 0:0:0]} Bd7 {[%emt 0:0:47]} 7. Nc2 {[%emt 0:0:12]} cxd4 {[%emt 0:0:51]} 8. cxd4 {[%emt 0:0:3]} Rc8 {[%emt 0:0:43]} 9. Be2 {[%emt 0:1:9]} Nb4 {[%emt 0:0:29]
} 10. Ne3 {[%emt 0:0:20]} Bb5 {[%emt 0:0:2]} 11. 0-0 {[%emt 0:0:0]} Bxe2 {[%emt 0:0:2]} 12. Qxe2 {[%emt 0:0:1]} Qa6 {[%emt 0:0:0]} 13. Qxa6 {[%emt 0:0:15]} Nxa6 {[%emt 0:0:5]} 14. Bd2 {[%emt 0:0:18]} Bb4 {[%emt 0:0:41]
} 15. Rfc1 {[%emt 0:0:56]} Ne7 {[%emt 0:0:16]} 16. Rxc8+ {[%emt 0:0:20]
} Nxc8 {[%emt 0:0:1]} 17. Rc1 {[%emt 0:0:4]} Kd7 {[%emt 0:0:0]} 18. a3 {[%emt 0:1:47]} Be7 {[%emt 0:0:15]} 19. Kf1 {[%emt 0:0:12]} Nb6 {[%emt 0:0:6]} 20. Ke2 {[%emt 0:0:6]} Nb8 {[%emt 0:0:50]} 21. h4 {[%emt 0:0:0]} h5 {[%emt 0:0:18]} 22. g3 {[%emt 0:0:18]} Nc6 {[%emt 0:0:2]} 23. Kd3 {[%emt 0:0:21]} a5 {[%emt 0:2:51]} 24. Ng1 {[%emt 0:0:33]} f6 {[%emt 0:0:0]} 25. f4 {[%emt 0:1:1]} f5 {[%emt 0:2:27]} 26. Ne2 {[%emt 0:0:3]} a4 {[%emt 0:0:7]} 27. Nc3 {[%emt 0:0:26]} Ra8 {[%emt 0:0:1]} 28. Nb5 {[%emt 0:0:17]
} Ra6 {[%emt 0:0:44]} 29. Rc2 {[%emt 0:0:17]} Nc8 {[%emt 0:0:0]} 30. Nd1 {[%emt 0:0:12]} N8a7 {[%emt 0:0:18]} 31. Nxa7 {[%emt 0:0:40]} Nxa7 {[%emt 0:0:1]} 32. Nc3 {[%emt 0:0:18]} b5 {[%emt 0:0:18]} 33. Na2 {[%emt 0:0:15]
} Nc6 {[%emt 0:0:34]} 34. Bb4 {[%emt 0:2:4]} Bxb4 {[%emt 0:0:0]} 35. axb4 {[%emt 0:0:10]} Kc7 {[%emt 0:1:11]} 36. Rc3 {[%emt 0:0:13]} Kb6 {[%emt 0:0:3]} 37. Ke3 {[%emt 0:0:24]} Ra8 {[%emt 0:0:4]} 38. Rd3 {[%emt 0:0:26]
} Rh8 {[%emt 0:0:8]} 39. Rc3 {[%emt 0:0:42]} Rh6 {[%emt 0:0:0]} 40. Rd3 {[%emt 0:0:41]} Kb7 {[%emt 0:0:26]} 41. Kf2 {[%emt 0:0:34]} Rh8 {[%emt 0:0:4]} 42. Ke3 {[%emt 0:0:7]} Ra8 {[%emt 0:1:54]} 43. Rc3 {[%emt 0:0:11]
} Kb6 {[%emt 0:0:2]} 44. Ra3 {[%emt 0:0:23]} Rc8 {[%emt 0:0:0]} 45. Rc3 {[%emt 0:0:5]} Rc7 {[%emt 0:0:4]} 46. Rc5 {[%emt 0:0:37]} Na7 {[%emt 0:1:4]} 47. Rxc7 {[%emt 0:2:12]} Kxc7 {[%emt 0:0:1]} 48. Kd3 {[%emt 0:0:1]
} Nc8 {[%emt 0:0:5]} 49. Nc3 {[%emt 0:0:9]} Kc6 {[%emt 0:0:0]} 50. Nd1 {[%emt 0:0:16]} Nb6 {[%emt 0:0:1]} 51. Kc3 {[%emt 0:0:1]} Nc4 {[%emt 0:0:4]} 52. Kc2 {[%emt 0:0:2]} Kb6 {[%emt 0:0:29]} 53. Kc3 {[%emt 0:0:2]
} Kc6 {[%emt 0:0:9]} 54. Kc2 {[%emt 0:0:2]} Kb6 {[%emt 0:0:0]} 55. Kc3 {[%emt 0:0:7]} Kc6 {[%emt 0:0:1]} 56. Kc2 {[%emt 0:0:2]} 1/2-1/2

[Event "FIDE World Rapid-ch Open 2018"]
[White "Petrosian, Tigran L."]
[Black "Khusnutdinov, Rustam"]
[Site "St. Petersburg"]
[Round "10.27"]
[Annotator "ChessBase"]
[Result "1/2-1/2"]
[Date "2018.12.27"]
[WhiteElo "2598"]
[BlackElo "2470"]
[PlyCount "92"]
[TimeControl "900+10"]

1. Nf3 {[%emt 0:0:0]} c5 {[%emt 0:0:0]} 2. g3 {[%emt 0:0:0]} Nc6 {[%emt 0:0:0]
} 3. Bg2 {[%emt 0:0:0]} g6 {[%emt 0:0:0]} 4. c4 {[%emt 0:0:0]} Bg7 {[%emt 0:0:0]} 5. Nc3 {[%emt 0:0:0]} Nf6 {[%emt 0:0:0]} 6. d4 {[%emt 0:0:1]
} cxd4 {[%emt 0:0:0]} 7. Nxd4 {[%emt 0:0:1]} 0-0 {[%emt 0:0:0]} 8. 0-0 {[%emt 0:0:2]} Qa5 {[%emt 0:0:0]} 9. e3 {[%emt 0:0:5]} Ne5 {[%emt 0:0:6]
} 10. Qe2 {[%emt 0:0:16]} d6 {[%emt 0:0:1]} 11. Bd2 {[%emt 0:0:0]} Bg4 {[%emt 0:0:2]} 12. f3 {[%emt 0:0:2]} Bd7 {[%emt 0:0:1]} 13. Nd5 {[%emt 0:2:26]} Qd8 {[%emt 0:0:2]} 14. Nxf6+ {[%emt 0:0:3]} Bxf6 {[%emt 0:0:1]
} 15. b3 {[%emt 0:0:8]} Rc8 {[%emt 0:2:35]} 16. Rac1 {[%emt 0:0:0]} Nc6 {[%emt 0:1:16]} 17. Bc3 {[%emt 0:0:8]} Nxd4 {[%emt 0:0:3]} 18. Bxd4 {[%emt 0:0:12]} Bxd4 {[%emt 0:0:8]} 19. exd4 {[%emt 0:0:2]} e6 {[%emt 0:0:1]
} 20. b4 {[%emt 0:1:32]} b6 {[%emt 0:0:30]} 21. f4 {[%emt 0:0:0]} Qf6 {[%emt 0:0:47]} 22. Qe3 {[%emt 0:0:37]} Rc7 {[%emt 0:0:12]} 23. Rc3 {[%emt 0:0:7]} Rfc8 {[%emt 0:0:2]} 24. Rfc1 {[%emt 0:0:3]} Bc6 {[%emt 0:0:0]} 25. Bxc6 {[%emt 0:1:32]} Rxc6 {[%emt 0:0:1]} 26. b5 {[%emt 0:0:3]} R6c7 {[%emt 0:0:3]} 27. a4 {[%emt 0:0:3]} h5 {[%emt 0:3:46]} 28. Kg2 {[%emt 0:0:50]
} h4 {[%emt 0:1:21]} 29. g4 {[%emt 0:0:36]} d5 {[%emt 0:0:1]} 30. g5 {[%emt 0:7:57]} Qd8 {[%emt 0:4:18]} 31. c5 {[%emt 0:0:3]} bxc5 {[%emt 0:0:1]
} 32. Rxc5 {[%emt 0:0:1]} Rxc5 {[%emt 0:0:6]} 33. dxc5 {[%emt 0:0:19]
} d4 {[%emt 0:0:2]} 34. Qe4 {[%emt 0:0:2]} Qa5 {[%emt 0:0:0]} 35. Rc4 {[%emt 0:2:9]} Qd2+ {[%emt 0:1:39]} 36. Kh3 {[%emt 0:0:1]} d3 {[%emt 0:0:0]} 37. c6 {[%emt 0:0:56]} Qd1 {[%emt 0:0:4]} 38. Rd4 {[%emt 0:0:0]} Qf1+ {[%emt 0:2:32]} 39. Qg2 {[%emt 0:0:31]} Qa1 {[%emt 0:0:10]} 40. Rxd3 {[%emt 0:0:8]} Qxa4 {[%emt 0:0:1]} 41. Qd2 {[%emt 0:0:3]} Kh7 {[%emt 0:0:16]
} 42. Rd7 {[%emt 0:0:20]} Qb3+ {[%emt 0:0:20]} 43. Kxh4 {[%emt 0:0:8]
} e5 {[%emt 0:0:8]} 44. Qd5 {[%emt 0:0:11]} Qxd5 {[%emt 0:0:0]} 45. Rxd5 {[%emt 0:0:1]} exf4 {[%emt 0:0:2]} 46. Rd7 {[%emt 0:0:3]} a6 {[%emt 0:0:39]} 1/2-1/2

[Event "FIDE World Rapid-ch Open 2018"]
[White "Shirov, Alexei"]
[Black "Petrov, Nikita"]
[Site "St. Petersburg"]
[Round "10.28"]
[Annotator "ChessBase"]
[Result "1/2-1/2"]
[Date "2018.12.27"]
[WhiteElo "2643"]
[BlackElo "2593"]
[PlyCount "63"]
[TimeControl "900+10"]

1. e4 {[%emt 0:0:0]} e5 {[%emt 0:0:0]} 2. Nf3 {[%emt 0:0:0]} Nc6 {[%emt 0:0:0]
} 3. Bb5 {[%emt 0:0:0]} a6 {[%emt 0:0:0]} 4. Ba4 {[%emt 0:0:0]} b5 {[%emt 0:0:1]} 5. Bb3 {[%emt 0:0:0]} g6 {[%emt 0:0:1]} 6. a4 {[%emt 0:4:39]
} b4 {[%emt 0:0:4]} 7. d4 {[%emt 0:0:20]} exd4 {[%emt 0:0:2]
} 8. Nxd4 {[%emt 0:0:58]} Na5 {[%emt 0:0:1]} 9. Bd5 {[%emt 0:0:7]} c6 {[%emt 0:0:4]
} 10. Ba2 {[%emt 0:0:2]} Bg7 {[%emt 0:0:6]} 11. 0-0 {[%emt 0:0:0]} Ne7 {[%emt 0:0:34]} 12. c3 {[%emt 0:0:24]} Rb8 {[%emt 0:0:2]} 13. Bf4 {[%emt 0:0:49]} d6 {[%emt 0:0:41]} 14. Nb3 {[%emt 0:4:15]} Nc4 {[%emt 0:0:0]} 15. Qe2 {[%emt 0:0:12]} Be6 {[%emt 0:0:30]} 16. Nd4 {[%emt 0:0:4]} Bxd4 {[%emt 0:0:15]} 17. Bxc4 {[%emt 0:0:3]} bxc3 {[%emt 0:0:20]} 18. bxc3 {[%emt 0:0:31]} Bc5 {[%emt 0:1:8]} 19. Bh6 {[%emt 0:0:37]} d5 {[%emt 0:0:0]} 20. exd5 {[%emt 0:0:43]} Nxd5 {[%emt 0:0:6]} 21. Bxa6 {[%emt 0:0:11]} Bd6 {[%emt 0:3:47]} 22. Bg7 {[%emt 0:0:16]} Nf4 {[%emt 0:0:27]} 23. Qe4 {[%emt 0:0:11]
} Qh4 {[%emt 0:0:13]} 24. Qxc6+ Ke7 25. Re1 {[%emt 0:2:18]} Rb2 {[%emt 0:1:16]} 26. Nd2 {[%emt 0:0:26]} Rxd2 {[%emt 0:0:58]} 27. Qb7+ {[%emt 0:0:27]
} Kd8 {[%emt 0:0:25]} 28. Qa8+ {[%emt 0:0:2]} Kc7 {[%emt 0:0:0]} 29. Qa7+ {[%emt 0:0:4]} Kd8 {[%emt 0:0:1]} 30. Qa8+ {[%emt 0:1:46]} Kc7 {[%emt 0:0:8]} 31. Qb7+ {[%emt 0:0:4]} Kd8 {[%emt 0:0:1]} 32. Qa7 1/2-1/2

[Event "FIDE World Rapid-ch Open 2018"]
[White "Grachev, Boris"]
[Black "Bazeev, German"]
[Site "St. Petersburg"]
[Round "10.29"]
[Annotator "ChessBase"]
[Result "0-1"]
[Date "2018.12.27"]
[WhiteElo "2626"]
[BlackElo "2416"]
[PlyCount "120"]
[TimeControl "900+10"]

1. Nf3 {[%emt 0:0:0]} Nf6 {[%emt 0:0:0]} 2. c4 {[%emt 0:0:0]} e6 {[%emt 0:0:0]
} 3. e3 {[%emt 0:0:8]} b6 {[%emt 0:0:16]} 4. b3 {[%emt 0:0:0]} Bb7 {[%emt 0:0:1]} 5. Bb2 {[%emt 0:0:1]} g6 {[%emt 0:0:1]} 6. Be2 {[%emt 0:1:17]
} Bg7 {[%emt 0:0:1]} 7. 0-0 {[%emt 0:0:2]} 0-0 {[%emt 0:0:0]} 8. Nc3 {[%emt 0:0:9]} d6 {[%emt 0:0:28]} 9. d4 {[%emt 0:0:17]} Nbd7 {[%emt 0:0:5]
} 10. Nd2 {[%emt 0:0:22]} d5 {[%emt 0:0:26]} 11. Bf3 {[%emt 0:0:0]} c6 {[%emt 0:1:7]} 12. Rc1 {[%emt 0:1:31]} a6 {[%emt 0:0:30]} 13. g3 {[%emt 0:0:25]} e5 {[%emt 0:0:10]} 14. cxd5 {[%emt 0:0:13]} cxd5 {[%emt 0:0:0]} 15. Ne2 {[%emt 0:0:35]} e4 {[%emt 0:0:5]} 16. Bg2 {[%emt 0:0:0]} Re8 {[%emt 0:0:11]} 17. Ba3 {[%emt 0:0:24]} a5 {[%emt 0:0:6]} 18. Nf4 {[%emt 0:1:1]
} Ba6 {[%emt 0:0:11]} 19. Re1 {[%emt 0:0:1]} Nf8 {[%emt 0:0:0]} 20. Bf1 {[%emt 0:0:55]} Bxf1 {[%emt 0:0:4]} 21. Rxf1 {[%emt 0:0:6]} Qd7 {[%emt 0:0:14]} 22. Kg2 {[%emt 0:0:20]} a4 {[%emt 0:0:17]} 23. Bb4 {[%emt 0:2:19]
} Bh6 {[%emt 0:0:10]} 24. bxa4 {[%emt 0:1:31]} Bxf4 {[%emt 0:0:0]} 25. gxf4 {[%emt 0:0:2]} Ne6 {[%emt 0:0:14]} 26. Kh1 {[%emt 0:0:18]} Rxa4 {[%emt 0:0:45]} 27. a3 {[%emt 0:0:2]} Raa8 {[%emt 0:0:15]} 28. Rg1 {[%emt 0:0:8]
} Ng7 {[%emt 0:0:1]} 29. Nf1 {[%emt 0:0:16]} Nf5 {[%emt 0:0:0]} 30. Nd2 {[%emt 0:0:51]} h5 {[%emt 0:0:29]} 31. Qf1 {[%emt 0:0:4]} Rac8 {[%emt 0:0:9]} 32. Qg2 {[%emt 0:0:19]} Rxc1 {[%emt 0:1:26]} 33. Rxc1 {[%emt 0:0:1]
} Rc8 {[%emt 0:0:1]} 34. Rg1 {[%emt 0:1:10]} Rc2 {[%emt 0:0:0]} 35. h3 {[%emt 0:0:18]} Kh7 {[%emt 0:1:11]} 36. Kh2 {[%emt 0:0:36]} Ne8 {[%emt 0:0:22]} 37. Qg5 {[%emt 0:0:23]} Neg7 {[%emt 0:0:7]} 38. Qf6 {[%emt 0:0:25]
} Rc6 {[%emt 0:0:24]} 39. Qg5 {[%emt 0:0:10]} Ne6 {[%emt 0:0:0]} 40. Qg2 {[%emt 0:0:6]} Rc2 {[%emt 0:0:5]} 41. Qf1 {[%emt 0:0:31]} Qc7 {[%emt 0:0:49]} 42. Kh1 {[%emt 0:0:25]} Qd7 {[%emt 0:0:47]} 43. Kh2 {[%emt 0:0:8]
} Rc8 {[%emt 0:0:24]} 44. Qe2 {[%emt 0:1:38]} Rg8 {[%emt 0:0:0]} 45. Nf1 {[%emt 0:1:2]} Kh6 {[%emt 0:0:14]} 46. f3 {[%emt 0:0:15]} exf3 {[%emt 0:1:2]} 47. Qxf3 {[%emt 0:0:3]} Qb5 {[%emt 0:0:8]} 48. Ng3 {[%emt 0:0:12]
} Neg7 {[%emt 0:0:13]} 49. Qf2 {[%emt 0:0:23]} Re8 {[%emt 0:0:0]} 50. Nf1 {[%emt 0:0:9]} Qd3 {[%emt 0:0:18]} 51. Qd2 {[%emt 0:0:7]} Qe4 {[%emt 0:0:13]} 52. Rg2 {[%emt 0:0:13]} Nh4 {[%emt 0:0:20]} 53. Rf2 {[%emt 0:0:1]
} Nf3+ {[%emt 0:0:5]} 54. Rxf3 {[%emt 0:0:2]} Qxf3 {[%emt 0:0:0]} 55. Kg1 {[%emt 0:0:31]} Nf5 {[%emt 0:0:5]} 56. Qf2 {[%emt 0:0:8]} Qxh3 {[%emt 0:0:5]} 57. Bd2 {[%emt 0:0:7]} Qg4+ {[%emt 0:0:15]} 58. Kh1 {[%emt 0:0:3]
} Qh4+ {[%emt 0:0:2]} 59. Kg2 {[%emt 0:0:18]} Qxf2+ {[%emt 0:0:0]} 60. Kxf2 f6 0-1